| 000 | 00609nam a2200193 a 4500 | ||
|---|---|---|---|
| 001 | 000043141 | ||
| 005 | 20201002040653.0 | ||
| 008 | 140220s1997 sp ac 000 0 spa d | ||
| 020 | _a8424507487 | ||
| 040 |
_aDO-SdBNP _bspa _cBNPHU |
||
| 100 | 1 |
_aGómez García, Juan Antonio _970697 |
|
| 245 | 1 | 0 |
_aCarl Theodor Dreyer / _cJuan Antonio Gómez García. |
| 260 |
_aMadrid : _bFundamentos, _c1997. |
||
| 300 |
_a206 p. ; _c25 cm. |
||
| 490 | 1 |
_aArte _aCine |
|
| 504 | _aIncluye referencias bibliográficas y notas al pie de las páginas | ||
| 504 | _aBibliografía : p. 189-206 | ||
| 830 | 0 |
_aArte _pCine _970698 |
|
| 999 |
_c42630 _d42630 |
||